000 00274nam a2200121Ia 4500
008 190216s9999||||xx |||||||||||||| ||und||
100 _aShakespere
245 4 _aThe Tempest
260 _bCambridge Uty Press
_c1969
300 _a102
650 _aEnglish Drama
942 _cBK
999 _c12434
_d12434